| 000 | 01190nam a2200289 i 4500 | ||
|---|---|---|---|
| 001 | 179645 | ||
| 003 | ES-MaACL | ||
| 005 | 20250811222446.0 | ||
| 008 | 111228s2008 sp a |||| |dspa d | ||
| 080 | _a7.036(8=134)(083.824) | ||
| 080 | _a821.134.2(7/8)-1"19" | ||
| 245 | 0 | 0 |
_aRituales de la papa _b: arte iberoamericano contemporáneo : sala de exposiciones Fundación Alianza Hispánica, noviembre-diciembre 2008 / _c[comisaria, textos, Mª del Socorro Morac]. |
| 260 |
_aMadrid : _bEmbajada del Perú, _c2008. |
||
| 300 |
_a36 p. : _bprincipalmente il. col. ; _c21 x 24 cm. |
||
| 505 | 8 |
_aContiene: ; _tPoetas iberoamericanos contemporáneos |
|
| 650 | 7 |
_aArte- _zAmérica Latina- _yS.XX- _vExposiciones _2 _9148891 |
|
| 650 | 0 | 4 |
_aPatatas- _vHistoria. _915882 |
| 650 | 4 |
_aPoesía hispanoamericana- _yS.XX _916227 |
|
| 655 | 7 |
_2tgfbne _9193628 _aCatálogos de exposiciones |
|
| 700 | 1 |
_aMorac de Asmat, María del Socorro. _9148895 |
|
| 710 | 2 |
_aFundación Alianza Hispánica. _9148894 |
|
| 710 | 1 |
_aPerú. _bEmbajada (España) _96213 |
|
| 740 | 0 | _aPoetas iberoamericanos contemporáneos. | |
| 852 |
_aES-MaACL _j2291-F-6 |
||
| 942 | _2udc | ||
| 999 |
_c179645 _d179645 |
||